Central Library OPAC University of Rajshahi

International management and economic development : (Record no. 60212)

MARC details
000 -LEADER
fixed length control field 01013nam a2200289 a 4500
001 - CONTROL NUMBER
control field 60212
003 - CONTROL NUMBER IDENTIFIER
rucl marc code BD-RjUL
005 - DATE AND TIME OF LATEST TRANSACTION
control field 20211209080820.0
008 - FIXED-LENGTH DATA ELEMENTS--GENERAL INFORMATION
fixed length control field 161229r19781972nyu 001 0 eng
020 ## - INTERNATIONAL STANDARD BOOK NUMBER
International Standard Book Number 0882755978
035 ## - SYSTEM CONTROL NUMBER
System control number (BD-RjUL)60336
040 ## - CATALOGING SOURCE
Original cataloging agency DLC
Transcribing agency DLC
Modifying agency BD-RjUL
Language of cataloging eng
041 ## - LANGUAGE CODE
Language code of text/sound track or separate title eng
082 00 - DEWEY DECIMAL CLASSIFICATION NUMBER
Classification number 658.18
Edition number 23
Author mark and year RII 1978
100 1# - MAIN ENTRY--PERSONAL NAME
Personal name Richman, Barry M.
9 (RLIN) 179704
245 10 - TITLE STATEMENT
Title International management and economic development :
Remainder of title with particular reference to India and other developing countries /
Statement of responsibility, etc. Barry M. Richman and Melvyn Copen.
260 ## - PUBLICATION, DISTRIBUTION, ETC. (IMPRINT)
Place of publication, distribution, etc. New York :
Name of publisher, distributor, etc. McGraw-Hill,
Date of publication, distribution, etc. 1972 [ Reprint 1978 ]
300 ## - PHYSICAL DESCRIPTION
Pagination ix, 681 p. ;
Size 23 cm.
490 0# - SERIES STATEMENT
Series statement McGraw-Hill series in management
500 ## - GENERAL NOTE
General note Includes index.
650 #0 - SUBJECT ADDED ENTRY--TOPICAL TERM
Topical term or geographic name as entry element International business enterprises
Geographic subdivision India.
9 (RLIN) 177001
Topical term or geographic name as entry element Technical assistance.
9 (RLIN) 179705
Topical term or geographic name as entry element Economic development.
9 (RLIN) 170469
Topical term or geographic name as entry element Industrial management
Geographic subdivision India.
9 (RLIN) 179706
700 1# - ADDED ENTRY--PERSONAL NAME
Personal name Copen, Melvyn, jt. auth.
942 ## - ADDED ENTRY ELEMENTS (KOHA)
Source of classification or shelving scheme Dewey Decimal Classification
Koha item type Books
Holdings
Lost status Source of classification or shelving scheme Damaged status Not for loan Collection code Permanent Location Current Location Shelving location Date acquired Source of acquisition Cost, normal purchase price Total Checkouts Full call number Date last seen Copy number Koha item type
  Dewey Decimal Classification   Not For Loan Non-fiction Central Library, University of Rajshahi Central Library, University of Rajshahi Reading Room 09/12/1986 Tepper 29.95   658.18 RII 1978 29/12/2016 C-1 Books
  Dewey Decimal Classification     Non-fiction Central Library, University of Rajshahi Central Library, University of Rajshahi   11/10/2021 The Author 0.00   658.18 RII 1978 11/10/2021 C-2 Books